Nazwy sklepów na D - Statystyki

Ogólne statystyki
  • Ten quiz został rozwiązany 60 razy
  • Średni wynik to 3 z 8
Statystyki odpowiedzi
Hint Odpowiedź % Poprawnych
1. Dino
91%
3. Decathlon
43%
6. Dealz
35%
2. Deichmann
35%
5. Douglas
30%
7. Delikatesy centrum
22%
4. Diverse
17%
8. Domodi
9%
Nie znaleziono quizów pasujących do podanych kryteriów
Rozkład punktacji
Procent ludzi z każdym wynikiem
Percentyl według liczby udzielonych odpowiedzi
Twoja historia wyników
Nie rozwiązałeś tego quizu